Construction dewatering and groundwater control: new methods and applications

Gespeichert in:
Bibliographische Detailangaben
Hauptverfasser: Powers, J. Patrick (VerfasserIn), Corwin, Arthur B (VerfasserIn), Schmall, Paul C (VerfasserIn), Kaeck, Walter E (VerfasserIn), Herridge, Christine J (VerfasserIn)
Format: Buch
Sprache:Englisch
Veröffentlicht: Hoboken John Wiley & Sons 2007
Ausgabe:3a. ed
Schlagworte:
Tags: Tag hinzufügen
Keine Tags, Fügen Sie den ersten Tag hinzu!

MARC

LEADER 00000cam a2200000 a 4500
001 UCG9401
003 CL-VaPUC
008 120316e20070000US |||||||||||||||||eng|d
020 |a 9780471479437 
082 0 4 |a 624.15  |b POW  |2 21 
100 0 |a Powers, J. Patrick  |e author  |9 560954 
700 0 |a Corwin, Arthur B  |e author  |9 560955 
700 0 |a Schmall, Paul C  |e author  |9 560956 
700 0 |a Kaeck, Walter E  |e author  |9 560957 
700 0 |a Herridge, Christine J  |e author  |9 560958 
245 1 0 |a Construction dewatering and groundwater control: new methods and applications 
250 |a 3a. ed 
300 |a 638 p 
942 |c BK 
945 |d 20120316 00:00:00  |a cmena 
260 |a Hoboken  |b John Wiley & Sons  |c 2007 
650 0 |a Drenaje  |9 262510 
650 0 |a Aguas subterráneas  |9 260378 
650 7 |a MECANICA DEL SUELO  |2 CL-VaPUC  |9 350104 
650 0 |a Construcción de edificios   |9 389370 
583 |a last modification  |c 20120316 11:38:00  |k Rodrigo Vera 
999 |c 346956  |d 346954 
952 |0 0  |1 0  |4 0  |6 624_150000000000000_POW_2007  |7 0  |8 A  |9 447978  |a BIBING  |b BIBING  |d 2019-11-22  |i 4845935  |o 624.15 POW 2007  |p 4845935  |r 2025-01-20  |w 2019-11-22  |y BK  |k CIC